Konstrukteure der Formel 1 seit 2000 - Statistiken

Allgemein
  • Dieses Quiz wurde 98 mal gespielt
  • Das Durchschnittsergebnis liegt bei 15 aus 29
Antwortstatistiken
Hint Antwort % Korrekt
Seit 1950 Ferrari
100%
seit 1966 McLaren
99%
Seit 2010 Mercedes
95%
seit 2005 Red Bull
92%
1993 - 2005 & seit 2010 Sauber / Alfa Romeo / Stake
88%
Seit 1978 Williams
86%
2002 - 2009 & seit 2016 Renault / Alpine
84%
Seit 2006 Toro Rosso / AlphaTauri / Racing Bulls
78%
2009 Brawn
61%
2006 - 2008 Honda
53%
1985 - 2005 Minardi
53%
1986 - 2001 Benetton
52%
2000 - 2004 Jaguar
52%
1991 - 2005 Jordan
52%
2002 - 2009 Toyota
51%
2010 - 2016 Manor / Virgin / Marussia
42%
1997 - 2001 Prost
37%
seit 2016 Haas F1
36%
1999 - 2005 BAR
34%
2010 - 2012 HRT
34%
2010 - 2014 Caterham / Lotus Racing
31%
1978 - 2002 Arrows
30%
2006 - 2007 Spyker
29%
2006 - 2009 BMW Sauber
28%
2006 - 2008 Super Aguri
25%
seit 2018 Aston Martin F1
24%
2008 - 2018 (Sahara) Force India
14%
2006 Midland
12%
2010 - 2015 Lotus F1 Team
7%
Keine übereinstimmenden Quizze gefunden
Verteilung der Resultate
Anzahl Personen mit jedem Resultat
Perzentil nach korrekt beantworteten Fragen
Ihre Resultats-Entwicklung
Sie haben dieses Quiz noch nicht gespielt